| 000 | 00633nam a2200217 a 4500 | ||
|---|---|---|---|
| 001 | 087095 | ||
| 003 | BD-ChCU | ||
| 005 | 20230717094601.0 | ||
| 008 | 2015s2015 aii b 005 eng | ||
| 020 | _a978 81 219 2884 7 | ||
| 040 |
_aDLC _cDLC _dBD-ChCU |
||
| 082 | 0 | 0 | _a543.5/S531e |
| 100 | 1 | _aSharma, Y.R. | |
| 245 | 1 | 0 |
_aElementary organic spectroscopy : _cPrinciples and chemical applications / _cY.R. Sharma |
| 250 | _a5 R.ed. | ||
| 260 |
_aNew Delhi _cS. Chand _c2015 |
||
| 300 | _a369 P . | ||
| 504 | _aIncludes index(p357-369) and bibliography | ||
| 650 | 0 |
_aOrganic spectroscopy _cSpectoscopy |
|
| 942 |
_2ddc _cBK |
||
| 999 |
_c87095 _d87095 |
||